Đầu tư và đầu cơ chứng khoán

保存先:
書誌詳細
第一著者: Lê Văn Tề
フォーマット: 図書
言語:Undetermined
出版事項: Hà Nội Lao động xã hội 2007
主題:
タグ: タグ追加
タグなし, このレコードへの初めてのタグを付けませんか!
Thư viện lưu trữ: Trung tâm Học liệu Trường Đại học Cần Thơ
LEADER 00666nam a2200205Ia 4500
001 CTU_129244
008 210402s9999 xx 000 0 und d
020 |c 58000 
082 |a 332.642 
082 |b Đ125 
100 |a Lê Văn Tề 
245 0 |a Đầu tư và đầu cơ chứng khoán 
245 0 |c Lê Văn Tề, Nguyễn Văn Hà biên soạn 
260 |a Hà Nội 
260 |b Lao động xã hội 
260 |c 2007 
650 |a Bank marketing,Banks and banking,Investment banking,Stock exchanges 
650 |x Securities processing 
904 |i Tuyến 
980 |a Trung tâm Học liệu Trường Đại học Cần Thơ